=LDR 00000nam 2200000 4500 =001 NUTBA000000000002595 =005 20140621141005.0 =006 =007 =008 =020 ##$$a 978-979-25-4745-0 =035 ##$$a 0010-061400000000538 =040 ##$$a NBPDMAT =082 ##$$a 612.825 2 =090 ##$$a 612.825 2$bSla a =100 ##$$a slamet soedarsono =245 ##$$a Ajaibnya otak tengah$bmetode dan teknik mengaktifkan otak tengah$cSlamet Soedarsono =260 ##$$a Jogjakarta$bkatahari$c2013. =300 ##$$a 128 hlm.$bilus.$c21 cm. =650 ##$$a Otak tengah =850 ##$$a NBPNMAT =990 ##$$a 21305431 =990 ##$$a 21400613/BPAP-NTB/20142014